| 000 | 00717nam a2200277Ia 4500 | ||
|---|---|---|---|
| 008 | 210210b2010 xxu||||| |||| 00| 0 eng d | ||
| 020 | _a9780872899612 | ||
| 041 | _aeng | ||
| 082 | _a363.32 GOTD | ||
| 100 | _aGOTTLIEB (Stuart) Ed | ||
| 245 | _aDebating terrorism and counterterrorism: conflicting perspectives on causes contexts and responses | ||
| 260 |
_aWashington _bCQ Press _c2010 |
||
| 300 | _axxiv-395 | ||
| 650 | _aterrorism | ||
| 650 | _aresponses | ||
| 650 | _aperspectives | ||
| 650 | _aon | ||
| 650 | _aDebating | ||
| 650 | _acounterterrorism: | ||
| 650 | _acontexts | ||
| 650 | _aconflicting | ||
| 650 | _acauses | ||
| 650 | _aand | ||
| 690 | _aSocial Problems | ||
| 906 | _a066193 | ||
| 999 |
_c146578 _d146578 |
||